| 000 | 00528 a2200205 4500 | ||
|---|---|---|---|
| 005 | 20240517113319.0 | ||
| 010 | _aB-759076 | ||
| 020 |
_a9789354715907 _c499.00 |
||
| 035 | _aB-759076 | ||
| 037 | _bGift/10.5.24 | ||
| 082 | _aN | ||
| 100 |
_aAvery, Annaliese _966296 |
||
| 245 |
_aThe Nightsilver Promise/ _bAnnaliese Avery |
||
| 260 |
_aUK _bScholastic _c2007 |
||
| 270 | _aUK | ||
| 300 |
_a389 p. _c20cm (Pb) |
||
| 700 | _966089 | ||
| 942 |
_adpl _cCH _2ddc _hN _mAVE |
||
| 999 |
_c202912 _d202912 |
||